[Event "Tres Lagoas nt"]
[Site "Tres Lagoas"]
[Date "2015.08.09"]
[Round "4.4"]
[White "De Souza, Genilson Messias"]
[Black "Fogita Onu, Thomas Gabriel Cost"]
[Result "1-0"]
[WhiteElo "1796"]
[BlackElo "1800"]
[PlyCount "84"]
[EventDate "2015.08.08"]
[EventType "swiss"]
[EventRounds "5"]
[EventCountry "BRA"]
[SourceTitle "EXT 2022"]
[Source "ChessBase"]
[SourceDate "2021.10.06"]
[SourceVersion "1"]
[SourceVersionDate "2021.10.06"]
[SourceQuality "1"]

1. e4 Nc6 2. c3 e5 3. Nf3 a6 4. Bc4 d6 5. Bb3 Nf6 6. Ng5 Be6 7. Bxe6 fxe6 8. Nxe6 Qe7 9. Qb3 Na5 10. Qa4+ c6 11. Nxf8 Qxf8 12. Qxa5 Nxe4 13. Qb4 Qxf2+ 14. Kd1 Qxg2 15. Re1 Qg4+ 16. Kc2 Nf2 17. Qxg4 Nxg4 18. h3 Nf2 19. h4 0-0 20. d3 Rae8 21. Nd2 d5 22. b3 e4 23. dxe4 dxe4 24. Nc4 Nd3 25. Re2 Rf2 26. Rxf2 Nxf2 27. Be3 Ng4 28. Re1 b5 29. Nd6 Re5 30. Bd4 Rd5 31. Nxe4 Ne5 32. Rg1 g6 33. Nf6+ Kf8 34. Nxd5 cxd5 35. Bxe5 Kg8 36. h5 Kf7 37. hxg6+ hxg6 38. Kd3 Ke6 39. Kd4 Kf5 40. Kxd5 g5 41. Bd4 g4 42. Rf1+ Kg5 1-0